000 01178cam a22001694a 4500
005 20250605164122.0
008 250528s ||||||||||||||||||||||||d
035 _a18319
040 _aGR-AtMCL
_bgre
_dGR-AtMCL
_eAACR2
245 1 _aA Casebook of Social Change
260 _bAddison-Wesley,
_c1966
520 _aIntroduction, The Process of Innovation, Land Reform and Community Development in Bolivia, Community Development in Highland Peru, Community Development in Brazil, Rural Self-Help in Costa Rica, The Prevention of Sleeping Sickness in Nigeria, Resettlement to New Lands in Nigeria, Veneral Disease Eradication in Northern Rhodesia, Urban Community Development in South Africa, Range Management in the Somali Republic, Developing a Village Co-operative in Israel, Rulal Development in East Pakistan, Community Development in India, Health Education in Village India, Factionalism in Village India, Buddism and Development in Laos, Community Development in Hong Kong, Family Planning in Taiwan, Village Improvement in the Phillipines, A Literacy Campaign in Sarawak, Index.
700 1 _aNiehoff Arthur H
_94592
942 _cBK
999 _c3682
_d3682